000 00709nam a2200229 a 4500
999 _c5457
_d5457
001 5457
003 BD-JhCC
005 20171214173229.0
008 171214s1991 bg |||| ||a| 000 0 ben d
035 _a(BD-JhCC)5457
040 _aBD-JhCC
_dBD-JhCC
041 _aben
082 _a395
_bFAR 1991
100 _aফারুক, এম, এম, আল
245 _aপ্রটোকল ও শিষ্টাচার /
_cএম, এম, আল ফারুক (সম্পাদনা)
260 _aনেত্রকোনা :
_bএম, অশোক,
_c1991.
300 _a95 p. :
_c21 cm.
650 _aEtiquette
_zBangladesh
650 _aManners
_zBangladesh
942 _2ddc
_cBK